000 00642nam a22001577a 4500
003 macl
005 20221014160031.0
008 221014b |||||||| |||| 00| 0 eng d
040 _cmacl
082 _a800
100 _aभिषीकर चन्‍द्रशेखर परमानन्‍द
_981447
245 _aपंडित दीनदयाल उपाध्‍याय विचार दर्शन खण्‍ड 5 राष्‍ट्र की अवधारणा
260 _aसुरूचि प्रकाशन
_bदिल्‍ली
_c2021
650 _aरचनावली
_9163
942 _2ddc
_cHIN
999 _c65446
_d65446